Normal view
MARC view
Entry Nombre personal
001 - NÚMERO DE CONTROL
- campo de control: 16967
003 - IDENTIFICADOR DEL NÚMERO DE CONTROL
- campo de control: BNPHU
005 - FECHA Y HORA DE LA ÚLTIMA TRANSACCIÓN
- campo de control: 20240226144327.0
008 - DATOS DE LONGITUD FIJA
- campo de control de longitud fija: 200615|| aca||aabn | a|a d
040 ## - FUENTE DE LA CATALOGACIÓN
- Centro catalogador/agencia de origen: DO-SdBNP
- Lengua de catalogación: spa
- Centro/agencia transcriptor: BNPHU
- Normas de descripción: rda
100 1# - ENCABEZAMIENTO-NOMBRE DE PERSONA
- Nombre de persona: Díaz-Plaja, Guillermo,
- Fechas asociadas al nombre: 1909-1984
372 ## - CAMPO DE ACTIVIDAD
- Campo de actividad: Poesía
373 ## - GRUPO ASOCIADO
- Grupo asociado: Real Academia Española
374 ## - OCUPACIÓN
- Ocupación: Ensayista
- Ocupación: Filólogo
- Ocupación: Historiador del arte
- Ocupación: Escritor
- Ocupación: Historiador
- Ocupación: Crítico literario
- Fuente de información: Wikidata
400 ## - TRAZADO DE VÉASE--NOMBRE DE PERSONA
- Nombre de persona: Plaja, Guillermo Díaz-,
- Fechas asociadas al nombre: 1909-1984
400 ## - TRAZADO DE VÉASE--NOMBRE DE PERSONA
- Nombre de persona: Díaz-Plaja Contesti, Guillermo,
- Fechas asociadas al nombre: 1909-1984
400 ## - TRAZADO DE VÉASE--NOMBRE DE PERSONA
- Nombre de persona: Contesti, Guillermo Díaz-Plaja,
- Fechas asociadas al nombre: 1909-1984
670 ## - FUENTE DE DATOS ENCONTRADOS
- Cita de la fuente: Díaz-Plaja, Guillermo, 1909-1984, Introducción al estudio del romanticismo español /, 1967.
670 ## - FUENTE DE DATOS ENCONTRADOS
- Cita de la fuente: Homenaje a Guillermo Díaz-Plaja, 1985:
